|
|
|
|
| LEADER |
00000cam a2200000 7i4500 |
| 001 |
0000016344 |
| 005 |
20241028.0 |
| 008 |
060327 nyua eng |
| 020 |
|
|
|a 0415191114
|
| 040 |
|
|
|a INS
|b eng
|e rda
|
| 090 |
0 |
0 |
|a HG5993
|b .N34 1998
|
| 100 |
0 |
|
|a Nagesh Kumar ,
|e author
|
| 245 |
1 |
0 |
|a Globalization, foreign direct investment and technology transfers :
|b impact on thye prospects for developing countries
|c Nagesh Kumar.
|
| 264 |
|
1 |
|a New York :
|b Routledge
|c 1998
|
| 300 |
|
|
|a xviii, 234 pages :
|b illustrations ;
|c 25 cm.
|
| 336 |
|
|
|a text
|2 rdacontent
|
| 337 |
|
|
|a unmediated
|2 rdamedia
|
| 338 |
|
|
|a volume
|2 rdacarrier
|
| 650 |
|
0 |
|a Investment, foreign
|x Developing countries
|
| 650 |
|
0 |
|a Technology transfer
|x Developing countries
|
| 999 |
|
|
|a 0000016625
|b BOOK
|c Open Shelf
|e Default branch
|